| 000 | 00857cam a22002412 4500 | ||
|---|---|---|---|
| 001 | 0000020881 | ||
| 005 | 20151217145928.0 | ||
| 008 | 111026s xx 000 0 eng d | ||
| 020 | _a1847039224 | ||
| 040 |
_aKABU _cKABU |
||
| 100 | 1 |
_aCornish, William. _@0000158679 |
|
| 245 | 1 | 0 |
_aIntellectual property : _bpatents, copyright, trade marks and allied rights / _cby William Cornish and David Llewelyn and Tanya Aplin. |
| 250 | _a7th ed. | ||
| 260 |
_aLondon : _bSweet & Maxwell, _c2010. |
||
| 300 | _acviii, 998 p. | ||
| 650 | 0 |
_aIntellectual property _zGreat Britain. _@0000158680 |
|
| 700 | 1 |
_aLlewelyn, David. _@0000158681 |
|
| 700 | 1 |
_aAplin, Tanya. _@0000179139 |
|
| 852 | 1 | _914628.80 KES | |
| 852 | 1 | _914628.80 KES | |
| 908 | _a111026 | ||
| 950 | _@1 | ||
| 999 |
_c4207 _d4207 |
||